000 00424nam a2200133Ia 4500
008 231129s1982||||xx |||||||||||||| ||spa||
020 _a84-8276-284-2
082 _a653.1554 H233i
100 _aHanan Mack.
245 0 _aIncremento de utilidades: Como acelerarlo mediante la aplicación de estrategias empresariales
260 _c1982
264 _aBogotá : Norma
942 _2ddc
_cBKS
999 _c15625
_d15625